Statistics for Survivor #3: Africa trivia

Click here to take the quiz!

General Stats

  • This quiz has been taken 8 times
  • The average score is 17 of 20

Answer Stats

HintAnswer% Correct
What year did this season premiere?2001
100%
What food did Clarence allegedly opened a can of to share with Diane?Beans
100%
Who went on a "date" with Frank?Brandon Quinton
100%
Who won the season?Ethan Zohn
100%
Who did Lex believe casted the mystery vote for him?Kelly Goldsmith
100%
Which contestant went under the nickname "T-Bird"?Teresa Cooper
100%
Who voted for Clarence, but couldn't spell it and wrote "C. B."?Tom Buchanan
100%
What major twist happened in episode 5?Tribe swap
100%
Who is the only survivor in history who has been eliminated via. quiz?Carl Bilancione
86%
What did the contestants have to drink in the 2nd challenge?Cow's blood
86%
What did Ethan give to a kid as he left the village?Hacky-sack
86%
What was Tom happy about that Ethan couldn't eat because he was Jewish?Ham
86%
Who was the 2nd person voted out due to their sickness?Jessie Camacho
86%
What is the country that this season was filmed in?Kenya
86%
What was the name of the tribe with yellow buffs?Boran
71%
Despite this season being named "Africa", there was another season filmed in Africa, what was it?Gabon
71%
Which contestant was disliked for their arrogant attitude?Lindsey Richter
71%
What was the name of the merge tribe?Moto Maji
71%
What was the name of the tribe with red buffs?Samburu
71%
Follow up: What is the capital of the above country?Nairobi
43%

Score Distribution

Percentile by Number Answered

Percent of People with Each Score

Your Score History

You have not taken this quiz